Abortos y otras pérdidas reproductivas en bovinos : Diagnótico y control /
La producción ganadera es importante ya que puede realizarse en regiones donde otros cultivos no pueden establecerse, convirtiendo pastizales naturales en alimento de calidad. En sistemas de producción lechera y carne, la eficiencia del rodeo bovino está principalmente determinada por factores como...
Guardado en:
| Autor Principal: | |
|---|---|
| Otros Autores: | |
| Formato: | Libro |
| Idioma: | Undetermined |
| Publicado: |
Buenos Aires :
Hemiferio Sur,
2017.
|
| Edición: | 1a ed. |
| Materias: | |
| Etiquetas: |
Agregar Etiqueta
Sin Etiquetas, Sea el primero en etiquetar este registro!
|
| LEADER | 03033nam a22002655a 4500 | ||
|---|---|---|---|
| 001 | CEM.cems025195 | ||
| 008 | 260602s2017####ag#a##########000#0#und#d | ||
| 005 | 20260602121735.0 | ||
| 245 | 1 | 0 | |a Abortos y otras pérdidas reproductivas en bovinos : |b Diagnótico y control / |c Carlos Manuel Campero y Germán José Cantón. |
| 250 | |a 1a ed. | ||
| 260 | |a Buenos Aires : |b Hemiferio Sur, |c 2017. | ||
| 300 | |a 384 p. : |b il. ; |c 24 cm. | ||
| 500 | |a Ganado Bovino. | ||
| 505 | 0 | |a Capítulo 1 Introducción y patogénesis de la perdida reproductiva en bovinos C.M. Campero G.J. Cantón -- Capítulo 2 Pérdidas embrionrias en el bovino C.M. Campero G.J. Cantón -- Capítulo 3 Causas infecciosas de aborto bovino C.M. Campero G.J. Cantón D. Prando Moore -- Capítulo 4 Causas no infecciosas de aborto bovino C.M. Campero G.J. Cantón E.R. Odriozola -- Capítulo 5 Disturbios durante la preñez C.M. Campero G.J. Cantón -- Capítulo 6 Nacimientos prematuros C.M. Campero G.J. Cantón -- Capítulo 7 Mortalidad perinatal C.M. Campero G.J. Cantón -- Capítulo 8 Teratología: malformaciones y defectos congénitos C.M. Campero G.J. Cantón Capítulo -- 9 Muertes neonatales E. Louge Uriarte G.J. Cantón E. Morrell A.R. Moreira A. Odeón Capítulo -- 10 Monitoreo de las pérdidas reproductivas G.J. Cantón Capítulo -- 11 Placentación normal y fisiopatología placentaria de los bovinos C.G. Barbeito Ma. F. Alvarado Pinedo Capítulo -- 12 Inmunidad durante la gestación y período neonatal D. Prando Moore G.J. Cantón Capítulo -- 13 Diagnóstico y necropsia, muestreos. técnicas de laboratorio C.M. Campero G.J. Cantón D. Prando Moore -- | |
| 520 | |a La producción ganadera es importante ya que puede realizarse en regiones donde otros cultivos no pueden establecerse, convirtiendo pastizales naturales en alimento de calidad. En sistemas de producción lechera y carne, la eficiencia del rodeo bovino está principalmente determinada por factores como tasas reproductivas del rodeo, tasa de sobrevida de los terneros producidos y peso de destete. Dentro de estos parámetros, las diferentes causas que ocasionan pérdidas gestacionales y postnatales provocan severas pérdidas en la economía de la ganadería de carne y leche en todo el mundo. El objetivo de este libro es ofrecer una fuente de información concisa y documentada de investigaciones que le permitirán poder abordar la problemática reproductiva del bovino con mayor orientación. En el libro se comunican la casuística, experiencias y técnicas auxiliares recopiladas en los últimos 30 años en dicha área para saber cómo enfocar esta problemática. | ||
| 020 | |a 9789505046331 | ||
| 100 | 1 | |a Campero, Carlos Manuel, |d 2017. | |
| 700 | 1 | |a Cantón, Germán José. | |
| 082 | 0 | 4 | |a 636.2 |
| 653 | |a Aborto Veterinario | ||
| 653 | |a Ganado Bovino | ||
| 653 | |a Veterinaria | ||
| 653 | |a Enfermedad en animales | ||
| 653 | |a Enfermedades bovinas | ||
| 859 | |a CEMS |b BIB. CEMS - Agricultura |h 636.2 |i C154 |p A4201.26 |t Ej.1 | ||
